Industrial plastics : (Record no. 13448)
[ view plain ]
| 000 -LEADER | |
|---|---|
| fixed length control field | 01153cam a22003014a 4500 |
| 001 - CONTROL NUMBER | |
| control field | 13076272 |
| 005 - DATE AND TIME OF LATEST TRANSACTION | |
| control field | 20050421100806.0 |
| 008 - FIXED-LENGTH DATA ELEMENTS--GENERAL INFORMATION | |
| fixed length control field | 030131s2004 nyua b 001 0 eng |
| 010 ## - LIBRARY OF CONGRESS CONTROL NUMBER | |
| LC control number | 2003042609 |
| 020 ## - INTERNATIONAL STANDARD BOOK NUMBER | |
| International Standard Book Number | 9781435486164 |
| 020 ## - INTERNATIONAL STANDARD BOOK NUMBER | |
| International Standard Book Number | 1435486161. |
| 040 ## - CATALOGING SOURCE | |
| Original cataloging agency | DLC |
| Transcribing agency | DLC |
| Modifying agency | DLC |
| 042 ## - AUTHENTICATION CODE | |
| Authentication code | pcc |
| 050 00 - LIBRARY OF CONGRESS CALL NUMBER | |
| Classification number | TP1120 |
| Item number | .L6 2004 |
| 082 00 - DEWEY DECIMAL CLASSIFICATION NUMBER | |
| Classification number | 668.4 |
| Edition number | 21 |
| Item number | LOK |
| 100 1# - MAIN ENTRY--PERSONAL NAME | |
| Personal name | Lokensgard, Erik. |
| 9 (RLIN) | 11619 |
| 245 10 - TITLE STATEMENT | |
| Title | Industrial plastics : |
| Remainder of title | theory and applications / |
| Statement of responsibility, etc | Erik Lokensgard. |
| 250 ## - EDITION STATEMENT | |
| Edition statement | 5th ed. |
| Remainder of edition statement | International ed. |
| 260 ## - PUBLICATION, DISTRIBUTION, ETC. (IMPRINT) | |
| Place of publication, distribution, etc | Albany, NY : |
| Name of publisher, distributor, etc | Thomson Delmar Learning, |
| Date of publication, distribution, etc | c2010. |
| 300 ## - PHYSICAL DESCRIPTION | |
| Extent | xvii, 538 p. : |
| Other physical details | ill. ; |
| Dimensions | 28 cm. |
| 500 ## - GENERAL NOTE | |
| General note | Includes Index. |
| 504 ## - BIBLIOGRAPHY, ETC. NOTE | |
| Bibliography, etc | Includes bibliographical references (p. 517-519) and index. |
| 650 #0 - SUBJECT ADDED ENTRY--TOPICAL TERM | |
| Topical term or geographic name as entry element | Plastics. |
| 9 (RLIN) | 11620 |
| 700 1# - ADDED ENTRY--PERSONAL NAME | |
| Personal name | Richardson, Terry L. |
| Title of a work | Industrial plastics. |
| 9 (RLIN) | 11621 |
| 942 ## - ADDED ENTRY ELEMENTS (KOHA) | |
| Source of classification or shelving scheme | Dewey Decimal Classification |
| Item type | Book - Borrowing |
| Withdrawn status | Item status | Source of classification or shelving scheme | Damaged status | Not for loan | Vendor | Home library | Current library | Shelving location | Date acquired | Source of acquisition | Cost, normal purchase price | Serial Enumeration / chronology | Total Checkouts | Full call number | Barcode | Date last seen | Koha item type |
|---|---|---|---|---|---|---|---|---|---|---|---|---|---|---|---|---|---|
| Dewey Decimal Classification | Alahram | Central Library | Central Library | First floor | 22/02/2010 | 470.50 | 27 | 668.4 LOK | 000019913 | 15/07/2025 | Book - Borrowing |